000
00302nam a2200121Ia 4500
008
191201s2015 xx 000 0 und d
100
_a
GARG, S.K.
245
0
_a
Soil Mechanics and Foundation Engineering
260
_a
N. Delhi
_b
Khanna
_c
2015
300
_a
1425
650
_a
B.Tech(CE)
942
_2
ddc
_c
BK
999
_c
6290
_d
6290